| 000 | 00649nam a2200181Ia 4500 | ||
|---|---|---|---|
| 008 | 100917s9999 xx 000 0 und d | ||
| 082 | _b12435 | ||
| 100 | _aलेले रा. के. | ||
| 245 | _a्रग्रंथवर्णन आणि ग्रंथसूचि | ||
| 260 |
_bजोशी लोखंडे प्रकाशन _c1973 |
||
| 300 | _a202 | ||
| 365 | _b6 | ||
| 520 | _aनिबंध | ||
| 630 | _a्रग्रंथवर्णन आणि ग्रंथसूचि | ||
| 650 | _aनिबंध | ||
| 730 | _a्रग्रंथवर्णन आणि ग्रंथसूचि | ||
| 942 | _cBOOK | ||
| 999 |
_c617829 _d617826 |
||